<?xml version="1.0" encoding="UTF-8"?>
<record
    xmlns:xsi="http://www.w3.org/2001/XMLSchema-instance"
    xsi:schemaLocation="http://www.loc.gov/MARC21/slim http://www.loc.gov/standards/marcxml/schema/MARC21slim.xsd"
    xmlns="http://www.loc.gov/MARC21/slim">

  <leader>01977nam0a2200361   4500</leader>
  <controlfield tag="001">RU\NLR\BIBL_A\022470347</controlfield>
  <controlfield tag="005">20260408084259.0</controlfield>
  <datafield tag="035" ind1=" " ind2=" ">
    <subfield code="a">(NLR Aleph) 022470347</subfield>
  </datafield>
  <datafield tag="090" ind1=" " ind2=" ">
    <subfield code="a">13369145</subfield>
    <subfield code="c">13369145</subfield>
  </datafield>
  <datafield tag="100" ind1=" " ind2=" ">
    <subfield code="a">20250225j1814    |||y0rusy50      ca</subfield>
  </datafield>
  <datafield tag="101" ind1="0" ind2=" ">
    <subfield code="a">fre</subfield>
  </datafield>
  <datafield tag="102" ind1=" " ind2=" ">
    <subfield code="a">RU</subfield>
  </datafield>
  <datafield tag="140" ind1=" " ind2=" ">
    <subfield code="a">f   y    ||||||||  ya  000  </subfield>
  </datafield>
  <datafield tag="200" ind1="1" ind2=" ">
    <subfield code="a">Consid&#xE9;rations morales et religieuses sur les &#xE9;v&#xE9;nemens actuels</subfield>
  </datafield>
  <datafield tag="210" ind1=" " ind2=" ">
    <subfield code="a">S-t.-P&#xE9;tersbourg [St.- Peterburg]</subfield>
    <subfield code="c">de l'imprimerie de Pluchart et comp.</subfield>
    <subfield code="d">f&#xE9;vrier 1814</subfield>
  </datafield>
  <datafield tag="215" ind1=" " ind2=" ">
    <subfield code="a">[2], 35, [1] &#x441;.</subfield>
    <subfield code="d">12&#xB0; (19 &#x441;&#x43C;)</subfield>
  </datafield>
  <datafield tag="304" ind1=" " ind2=" ">
    <subfield code="a">&#x410;&#x432;&#x442;.: &#x414;&#x43C;&#x438;&#x442;&#x440;&#x438;&#x439; &#x41F;&#x435;&#x442;&#x440;&#x43E;&#x432;&#x438;&#x447; &#x411;&#x443;&#x442;&#x443;&#x440;&#x43B;&#x438;&#x43D;. &#x423;&#x441;&#x442;&#x430;&#x43D;&#x43E;&#x432;&#x43B;. &#x43F;&#x43E;: &#x413;&#x435;&#x43D;&#x43D;&#x430;&#x434;&#x438; &#x413;. &#x421;&#x43F;&#x440;&#x430;&#x432;&#x43E;&#x447;&#x43D;&#x44B;&#x439; &#x441;&#x43B;&#x43E;&#x432;&#x430;&#x440;&#x44C; &#x43E; &#x440;&#x443;&#x441;&#x441;&#x43A;&#x438;&#x445; &#x43F;&#x438;&#x441;&#x430;&#x442;&#x435;&#x43B;&#x44F;&#x445; ... &#x422;. 1. &#x2014; &#x411;&#x435;&#x440;&#x43B;&#x438;&#x43D;, 1876. &#x2014; &#x441;. 120</subfield>
  </datafield>
  <datafield tag="307" ind1=" " ind2=" ">
    <subfield code="a">&#x41D;&#x430; &#x442;&#x438;&#x442;. &#x43B;. &#x432;&#x438;&#x43D;&#x44C;&#x435;&#x442;&#x43A;&#x430;</subfield>
  </datafield>
  <datafield tag="317" ind1=" " ind2=" ">
    <subfield code="a">&#x42D;&#x43A;&#x437;. &#x420;&#x41D;&#x411; (12.50.10.256): &#x42D;&#x43A;&#x441;&#x43B;&#x438;&#x431;&#x440;&#x438;&#x441;: &#x418;&#x43C;&#x43F;&#x435;&#x440;&#x430;&#x442;&#x43E;&#x440;&#x441;&#x43A;&#x430;&#x44F; &#x42D;&#x440;&#x43C;&#x438;&#x442;&#x430;&#x436;&#x43D;&#x430;&#x44F; &#x438;&#x43D;&#x43E;&#x441;&#x442;&#x440;&#x430;&#x43D;&#x43D;&#x430;&#x44F; &#x431;&#x438;&#x431;&#x43B;&#x456;&#x43E;&#x442;&#x435;&#x43A;&#x430;</subfield>
    <subfield code="5">NLR: 12.50.10.256</subfield>
  </datafield>
  <datafield tag="540" ind1="1" ind2=" ">
    <subfield code="a">&#x41C;&#x43E;&#x440;&#x430;&#x43B;&#x44C;&#x43D;&#x44B;&#x435; &#x438; &#x440;&#x435;&#x43B;&#x438;&#x433;&#x438;&#x43E;&#x437;&#x43D;&#x44B;&#x435; &#x441;&#x43E;&#x43E;&#x431;&#x440;&#x430;&#x436;&#x435;&#x43D;&#x438;&#x44F; &#x43F;&#x43E; &#x43F;&#x43E;&#x432;&#x43E;&#x434;&#x443; &#x442;&#x435;&#x43A;&#x443;&#x449;&#x438;&#x445; &#x441;&#x43E;&#x431;&#x44B;&#x442;&#x438;&#x439;</subfield>
  </datafield>
  <datafield tag="620" ind1=" " ind2=" ">
    <subfield code="d">St.- Peterburg</subfield>
  </datafield>
  <datafield tag="700" ind1=" " ind2="1">
    <subfield code="4">070</subfield>
    <subfield code="8">rus</subfield>
    <subfield code="7">ba</subfield>
    <subfield code="a">Buturlin</subfield>
    <subfield code="b">D. P.</subfield>
    <subfield code="f">1790-1849</subfield>
    <subfield code="g">Dmitrij Petrovi&#x10D;</subfield>
    <subfield code="3">RU\NLR\AUTH\7796569</subfield>
    <subfield code="9">79495</subfield>
  </datafield>
  <datafield tag="702" ind1=" " ind2="1">
    <subfield code="4">610</subfield>
    <subfield code="7">ba</subfield>
    <subfield code="8">rus</subfield>
    <subfield code="a">Plju&#x161;ar</subfield>
    <subfield code="b">A. I.</subfield>
    <subfield code="f">1777-1827</subfield>
    <subfield code="g">Aleksandr Ivanovi&#x10D;</subfield>
    <subfield code="9">226189</subfield>
    <subfield code="3">RU\NLR\AUTH\770226245</subfield>
  </datafield>
  <datafield tag="712" ind1="0" ind2="2">
    <subfield code="4">610</subfield>
    <subfield code="8">fre</subfield>
    <subfield code="a">Pluchart et co., imprimerie</subfield>
    <subfield code="c">St.-P&#xE9;tersbourg</subfield>
    <subfield code="7">ba</subfield>
    <subfield code="3">RU\NLR\AUTH\8810049335</subfield>
    <subfield code="9">598756</subfield>
  </datafield>
  <datafield tag="712" ind1="0" ind2="2">
    <subfield code="4">390</subfield>
    <subfield code="a">&#x42D;&#x440;&#x43C;&#x438;&#x442;&#x430;&#x436;</subfield>
    <subfield code="c">&#x41F;&#x435;&#x442;&#x435;&#x440;&#x431;&#x443;&#x440;&#x433;</subfield>
    <subfield code="b">&#x411;&#x438;&#x431;&#x43B;&#x438;&#x43E;&#x442;&#x435;&#x43A;&#x430;</subfield>
    <subfield code="3">RU\NLR\AUTH\8810185935</subfield>
    <subfield code="9">866833</subfield>
  </datafield>
  <datafield tag="852" ind1=" " ind2=" ">
    <subfield code="a">NLR</subfield>
    <subfield code="j">12.50.10.256</subfield>
  </datafield>
  <datafield tag="942" ind1=" " ind2=" ">
    <subfield code="c">BOOK</subfield>
  </datafield>
  <datafield tag="980" ind1=" " ind2=" ">
    <subfield code="a">in1719v</subfield>
  </datafield>
  <datafield tag="980" ind1=" " ind2=" ">
    <subfield code="a">NB</subfield>
  </datafield>
  <datafield tag="995" ind1=" " ind2=" ">
    <subfield code="5">2025-04-23</subfield>
    <subfield code="b">NLR02</subfield>
    <subfield code="c">NLR02</subfield>
    <subfield code="e">IFS</subfield>
    <subfield code="f">ERR-355080</subfield>
    <subfield code="o">4</subfield>
    <subfield code="r">BOOK</subfield>
  </datafield>
</record>
